| 000 | 00546nam a2200169Ia 4500 | ||
|---|---|---|---|
| 999 |
_c20384 _d20384 |
||
| 003 | OSt | ||
| 005 | 20201109121724.0 | ||
| 008 | 190216s9999||||xx |||||||||||||| ||und|| | ||
| 040 | _coclc | ||
| 082 |
_a940 _bGRE/W |
||
| 100 |
_aGreenlaw, Ralph W _96349 |
||
| 245 | 4 |
_aThe World Of Europe Since 1715 / _c Ralph W Greenlaw ; David H Pinkney ; A E Simpson ; V B Baker |
|
| 260 |
_bIndependent School Press, _c1973. |
||
| 300 | _a462p | ||
| 650 | _aWorld History-History Of Europe | ||
| 942 |
_cBK _2ddc _h940 _iGRE/W _k940 _mGRE/W |
||